Sports Quiz

Random Sports or Baseball Quiz

MLB HR Leaders by Team Quiz Stats

 Plays Quiz Updated Oct 1, 2019

Score 0/30 Timer 06:00
18 Plays Today
Team Player % Correct
Atlanta BravesHank Aaron
93.8%
New York YankeesBabe Ruth
93.1%
Seattle MarinersKen Griffey Jr.
83.9%
San Francisco GiantsWillie Mays
81.5%
Boston Red SoxTed Williams
78.4%
Chicago CubsSammy Sosa
78.3%
Arizona DiamondbacksLuis Gonzalez
76.1%
Texas RangersJuan Gonzalez
74.8%
Houston AstrosJeff Bagwell
73%
Baltimore OriolesCal Ripken Jr.
70.4%
Colorado RockiesTodd Helton
70%
Chicago White SoxFrank Thomas
69.8%
Oakland A'sMark McGwire
68.6%
Philadelphia PhilliesMike Schmidt
68.4%
Kansas City RoyalsGeorge Brett
65.7%
Team Player % Correct
Cleveland IndiansJim Thome
64.3%
St. Louis CardinalsStan Musial
58.9%
Minnesota TwinsHarmon Killebrew
57%
Cincinnati RedsJohnny Bench
53.6%
Washington NationalsRyan Zimmerman
53.4%
Milwaukee BrewersRyan Braun
51.2%
Pittsburgh PiratesWillie Stargell
50.7%
New York MetsDarryl Strawberry
44.2%
Toronto Blue JaysCarlos Delgado
43.3%
Detroit TigersAl Kaline
42.6%
Tampa Bay RaysEvan Longoria
36.8%
Los Angeles Angels Tim Salmon
29.7%
Los Angeles DodgersDuke Snider
28.8%
Miami MarlinsGiancarlo Stanton
27.7%
San Diego PadresNate Colbert
9.9%

You're not logged in!

Compare scores with friends on all Sporcle quizzes.
OR
Log In

Sporcle TV

Today on Sporcle TV


Watch our educational content, quiz creation guides, and fun videos on Sporcle TV.

Show Comments

Extras

Top Quizzes Today


Score Distribution

Your Account Isn't Verified!

In order to create a playlist on Sporcle, you need to verify the email address you used during registration. Go to your Sporcle Settings to finish the process.

Report this User

Report this user for behavior that violates our Community Guidelines.

Details: